000 00341nam a2200145Ia 4500
008 240830s1901 xx 000 0 und d
041 _aeng
082 _a0 KHE
100 _aKHEMRAJ SHRIKRUSHNA
245 _aSHALIGRAMNIGHNTU BHOSHNAM
260 _bN.D.
_c1901
650 _aDRAVYAGUNA-VIGYAN
906 _aN.D.
999 _c1190416
_d1190416